000 00956nam a22002537a 4500
005 20180301113340.0
010 _a1617EN ENG-117014
020 _a9781138668546
_c895.00
035 _aB-649781-787
035 _aEN-100546
035 _aB-664943
037 _aDPL
_bUPPAL
037 _bDBAD/PUB
082 _aN
100 _aBharat, Meenakshi
245 _aTroubled Testimonies:
_cby Meenakshi Bharat
_bterrorism and the english novel in india /
260 _aNew York
_bRoutledge
_c2016
270 _a711 third avenue
_bNew York
_eNY 10017
300 _axi,196p.
_c24cm(HB)
500 _aincluds index
942 _2ddc
_cEN
_hN
_mBHA
999 _c102164
_d102164